|
|
|
|
| LEADER |
00000nab#a22000007a#4500 |
| 001 |
arbauad001261 |
| 003 |
AR-BaUAD |
| 005 |
20250711110431.0 |
| 008 |
930708|||||||||###||||||b###|0###a|spa|| |
| 040 |
|
|
|a AR-BaUAD
|c AR-BaUAD
|b spa
|
| 100 |
|
|
|a Kamekura, Yusaku
|
| 245 |
|
|
|a Piccaso's Pierrette's wedding /
|c Yusaku Kamekura;
|
| 300 |
0 |
|
|b fot.
|
| 500 |
|
|
|a Crítica de la pintura "Pierrette's Wedding" del período azul del artista, 1905
|
| 653 |
|
|
|a PICASSO, PABLO
|
| 653 |
|
|
|a PINTORES
|
| 653 |
|
|
|a LA BODA DE PIERRETTE
|
| 653 |
|
|
|a PINTURAS
|
| 653 |
|
|
|a HISTORIA
|
| 653 |
|
|
|a ARTE
|
| 653 |
|
|
|a DISEÑO GRAFICO
|
| 653 |
|
|
|a CRITICAS
|
| 773 |
0 |
|
|t CREATION
|g no. 4 [1990], p. 158-165
|
| 942 |
|
|
|c ARTI
|
| 952 |
|
|
|0 0
|1 0
|4 0
|7 0
|9 46181
|a AR-BAuAD
|b AR-BAuAD
|d 2025-07-11
|l 0
|p AAQA001261
|r 2025-07-11 11:04:31
|w 2025-07-11
|y ARTI
|
| 990 |
|
|
|a DG199
|b TD
|
| 990 |
|
|
|a A199
|b TD
|
| 998 |
|
|
|a AAQ
|b BIBUN76
|
| 999 |
|
|
|c 25854
|d 25854
|